000
00311nam a22001337a 4500
008
171030b xxu||||| |||| 00| 0 eng d
020
_a
0070441278
041
_a
eng
080
_2
5TH
_a
336
100
_a
56
101
_a
FIN
245
_a
PUBLIC FINANCE IN THEORY AND PRACTICE
_c
MUSGRAVE,R.A
942
_2
udc
_c
BK
999
_c
36327
_d
36327